[Event "GER-chT U16"]
[Site "Magdeburg"]
[Date "2014.12.29"]
[Round "5.3"]
[White "Kragge, Jan"]
[Black "Surguchov, Alexander"]
[Result "1-0"]
[WhiteElo "1825"]
[BlackElo "1698"]
[PlyCount "163"]
[EventDate "2014.12.27"]
[EventType "team-swiss"]
[EventRounds "7"]
[EventCountry "GER"]
[SourceTitle "EXT 2016"]
[Source "ChessBase"]
[SourceDate "2015.10.08"]
[SourceVersion "1"]
[SourceVersionDate "2015.10.08"]
[SourceQuality "1"]
[WhiteTeam "Stade"]
[BlackTeam "Duesseldorf Sued"]
[WhiteTeamCountry "GER"]
[BlackTeamCountry "GER"]

1. e4 e6 2. d4 d5 3. Nc3 Bb4 4. e5 c5 5. a3 Bxc3+ 6. bxc3 Qc7 7. Bd2 b6 8. Qg4 f5 9. Qh5+ g6 10. Qd1 Bd7 11. Nf3 h6 12. h4 Ba4 13. Ra2 Nc6 14. Bd3 c4 15. Be2 0-0-0 16. Nh2 Nge7 17. Qc1 Ng8 18. Be3 Rf8 19. Qd2 Qf7 20. g3 Qe7 21. Nf3 Qg7 22. Kd1 Nge7 23. Kc1 Nd8 24. Kb2 Nf7 25. Raa1 Rhg8 26. Rh2 Kc7 27. Rah1 Rb8 28. Ka2 Nc6 29. Qc1 Rbf8 30. Bd2 Rb8 31. Kb2 Rbf8 32. Qg1 Kb7 33. Ne1 Kc7 34. Rg2 Qh7 35. g4 Ne7 36. Rh3 Kd7 37. Rhg3 Qh8 38. gxf5 gxf5 39. Bh5 Nd8 40. Bf4 a6 41. Nf3 Kc7 42. Rg7 Kd7 43. R2g3 Rxg7 44. Rxg7 Rg8 45. Rxg8 Nxg8 46. Qg6 Kc8 47. Ng1 Bd7 48. Ne2 Ba4 49. Nc1 Bd7 50. Na2 a5 51. Nc1 Ba4 52. Ne2 Bd7 53. Bf3 Ba4 54. Ng3 Kd7 55. Nh5 Ke7 56. Bxd5 exd5 57. Qxb6 Qh7 58. Qd6+ Ke8 59. Qxd5 Qb7+ 60. Qxb7 Nxb7 61. Ng7+ Kf7 62. Nxf5 Ke6 63. Ne3 Bc6 64. Nxc4 a4 65. Ne3 h5 66. c4 Be4 67. Kc3 Ne7 68. d5+ Kd7 69. Kb4 Nf5 70. Nxf5 Bxf5 71. c5 Nd8 72. Kxa4 Bxc2+ 73. Kb5 Bd3+ 74. Kb6 Be4 75. c6+ Kc8 76. Kc5 Bf5 77. a4 Be4 78. a5 Bd3 79. e6 Nxe6+ 80. dxe6 Be4 81. a6 Bf3 82. a7 1-0

[Event "GER-chT U16"]
[Site "Lingen"]
[Date "2013.12.29"]
[Round "6.4"]
[White "Brungs, Sven"]
[Black "Kragge, Jan"]
[Result "1/2-1/2"]
[WhiteElo "1758"]
[BlackElo "1633"]
[PlyCount "58"]
[EventDate "2013.12.27"]
[EventType "team-swiss"]
[EventRounds "7"]
[EventCountry "GER"]
[SourceTitle "EXT 2015"]
[Source "ChessBase"]
[SourceDate "2014.11.20"]
[SourceVersion "1"]
[SourceVersionDate "2014.11.20"]
[SourceQuality "1"]
[WhiteTeam "Koeln Porz"]
[BlackTeam "Stade"]
[WhiteTeamCountry "GER"]
[BlackTeamCountry "GER"]

1. d4 d5 2. c4 c6 3. e3 Nf6 4. Nc3 dxc4 5. Bxc4 e6 6. Nf3 Be7 7. 0-0 Nbd7 8. e4 0-0 9. Bf4 c5 10. d5 exd5 11. exd5 Nh5 12. Be3 Nb6 13. Ne5 Nf6 14. Qb3 Bd6 15. f4 a6 16. a4 Rb8 17. a5 Nbd7 18. Nxd7 Bxd7 19. Bf2 Qc7 20. g3 Rfe8 21. Qc2 Re7 22. Rfe1 Rbe8 23. Rxe7 Rxe7 24. Kg2 Qc8 25. b3 Bh3+ 26. Kg1 Bf5 27. Bd3 Bg6 28. Be4 Nxe4 29. Nxe4 h6 1/2-1/2

[Event "Niedersachsen-ch U14"]
[Site "Rotenburg"]
[Date "2012.04.04"]
[Round "6"]
[White "Hartogh, Christian"]
[Black "Kragge, Jan"]
[Result "0-1"]
[WhiteElo "1482"]
[BlackElo "1748"]
[PlyCount "92"]
[EventDate "2012.03.31"]
[EventType "swiss"]
[EventRounds "9"]
[EventCountry "GER"]
[SourceTitle "EXT 2015"]
[Source "ChessBase"]
[SourceDate "2014.11.20"]
[SourceVersion "1"]
[SourceVersionDate "2014.11.20"]
[SourceQuality "1"]

1. e4 e5 2. Nf3 Nc6 3. Bc4 Nf6 4. Ng5 d5 5. exd5 b5 6. dxc6 bxc4 7. Nc3 Bg4 8. f3 Bf5 9. 0-0 Bc5+ 10. Kh1 0-0 11. Qe2 Bxc2 12. Qxc4 Bd3 13. Qxc5 Bxf1 14. Nge4 Re8 15. b3 Nh5 16. Bb2 Nf4 17. Rxf1 f5 18. Ng3 Qxd2 19. Qf2 Qxf2 20. Rxf2 Nd3 21. Rd2 Nxb2 22. Rxb2 g6 23. Nd5 Re6 24. Rc2 Rd8 25. Rd2 Red6 26. Ne4 fxe4 27. fxe4 Rxc6 28. g3 Rcd6 29. Rc2 c6 30. Nb4 Rd1+ 31. Kg2 R1d2+ 32. Rxd2 Rxd2+ 33. Kf3 Rd6 34. a3 Kf7 35. h4 a5 36. Na6 Rd3+ 37. Kg4 h5+ 38. Kh3 Rxb3 39. a4 Rc3 40. Nb8 Rc4 41. Nd7 Rxe4 42. Kg2 Ke6 43. Nc5+ Kd5 44. Nxe4 Kxe4 45. Kf2 c5 46. Ke2 c4 0-1

[Event "Niedersachsen-chT U12"]
[Site "Verden an der Aller"]
[Date "2009.05.21"]
[Round "2.3"]
[White "Kragge, Jan"]
[Black "Laubrock, Paul"]
[Result "1-0"]
[WhiteElo "987"]
[BlackElo "969"]
[PlyCount "137"]
[EventDate "2009.05.21"]
[EventType "team-tourn"]
[EventRounds "7"]
[EventCountry "GER"]
[SourceTitle "EXT 2010"]
[Source "ChessBase"]
[SourceDate "2010.11.25"]
[SourceVersion "1"]
[SourceVersionDate "2010.11.25"]
[SourceQuality "1"]
[WhiteTeam "Stade"]
[BlackTeam "Hagen"]
[WhiteTeamCountry "GER"]
[BlackTeamCountry "GER"]

1. e4 c5 2. Nf3 Nc6 3. d4 cxd4 4. Nxd4 Nf6 5. Nc3 e6 6. Bc4 Bb4 7. Nxc6 bxc6 8. Qd3 d5 9. exd5 exd5 10. Bb3 Ne4 11. 0-0 Nxc3 12. bxc3 Bd6 13. Re1+ Be6 14. c4 0-0 15. cxd5 cxd5 16. Bb2 Rb8 17. Rab1 Qc7 18. Qf3 Bxh2+ 19. Kf1 Bf4 20. Bxd5 Bxd5 21. Qxd5 Qxc2 22. Qd4 Bh6 23. Qc3 Rfc8 24. Qxc2 Rxc2 25. Re2 Rxe2 26. Kxe2 a5 27. Kd3 f6 28. Kc2 Kf7 29. Bc3 Rc8 30. Kb3 Rc5 31. Bd4 Rd5 32. Kc4 Rg5 33. g3 Rg4 34. Rb7+ Kg6 35. Kd3 Bd2 36. Be3 Bxe3 37. Kxe3 Ra4 38. Rb2 h5 39. f3 Kh6 40. f4 g5 41. fxg5+ fxg5 42. Rb6+ Kg7 43. Rb7+ Kf6 44. Rb6+ Ke5 45. Rb5+ Kd6 46. Rxg5 Rxa2 47. Rxh5 a4 48. g4 a3 49. Ra5 Ra1 50. Kf4 a2 51. Kg5 Ke7 52. Kg6 Kf8 53. g5 Ke7 54. Ra6 Kd8 55. Kg7 Ke7 56. g6 Ke8 57. Kg8 Ke7 58. g7 Ke8 59. Ra8+ Ke7 60. Ra7+ Kd6 61. Ra5 Ke6 62. Ra6+ Kf5 63. Rh6 Rg1 64. Kh7 Rxg7+ 65. Kxg7 a1Q+ 66. Kg8 Qg1+ 67. Kf8 Kg5 68. Rh7 Kg6 69. Rg7+ 1-0